World Seniors Darts Championship 2022 - Statistiken

Allgemein
  • Dieses Quiz wurde 149 mal gespielt
  • Das Durchschnittsergebnis liegt bei 11 aus 24
Antwortstatistiken
Nationalität Spieler % Korrekt
England Phil Taylor
97%
Schottland Robert Thornton
81%
Kanada John Part
79%
Singapur Paul Lim
76%
England Peter Manley
55%
USA Larry Butler
54%
England Bob Anderson
49%
England John Lowe
49%
Niederlande Roland Scholten
49%
England Kevin Painter
47%
England Lisa Ashton
45%
England Martin Adams
44%
England Deta Hedman
41%
England Trina Gulliver
38%
England Terry Jenkins
37%
Wales Wayne Warren
36%
England Alan Warriner-Little
35%
England Keith Deller
33%
England Richie Howson
33%
England Dave Prins
29%
Schottland Les Wallace
27%
England Tony O’Shea
27%
England John Walton
23%
England Darryl Fitton
21%
Keine übereinstimmenden Quizze gefunden
Verteilung der Resultate
Anzahl Personen mit jedem Resultat
Perzentil nach korrekt beantworteten Fragen
Ihre Resultats-Entwicklung
Sie haben dieses Quiz noch nicht gespielt